Online katalóg knižníc regiónu Turca

Raz nestačí (Record no. 22205)

MARC details
000 -LEADER
fixed length control field 01963cam a2200529 a 4500
001 - CONTROL NUMBER
control field 22205
003 - CONTROL NUMBER IDENTIFIER
control field VRT
005 - DATE AND TIME OF LATEST TRANSACTION
control field 20260323131823.0
008 - FIXED-LENGTH DATA ELEMENTS--GENERAL INFORMATION
fixed length control field 240226s1992 xo gr 010 f slo
015 ## - NATIONAL BIBLIOGRAPHY NUMBER
National bibliography number SNBA1992
020 ## - INTERNATIONAL STANDARD BOOK NUMBER
International Standard Book Number 8022003441
Qualifying information (viazané)
035 ## - SYSTEM CONTROL NUMBER
System control number SNK000011304
035 ## - SYSTEM CONTROL NUMBER
System control number 094B022F-A53E-4995-937F-BAF0473CE94E
035 ## - SYSTEM CONTROL NUMBER
System control number urn:nbn:sk:snk-am00ijk7
039 #9 - LEVEL OF BIBLIOGRAPHIC CONTROL AND CODING DETAIL [OBSOLETE]
Level of rules in bibliographic description 202407311525
Level of effort used to assign nonsubject heading access points AUTHORITY
Level of effort used to assign subject headings 202407311524
Level of effort used to assign classification AUTHORITY
Level of effort used to assign subject headings 202405021211
Level of effort used to assign classification AUTHORITY
Level of effort used to assign subject headings 202405021208
Level of effort used to assign classification AUTHORITY
040 ## - CATALOGING SOURCE
Original cataloging agency SNK
Language of cataloging slo
Transcribing agency SNK
Description conventions AACR2
041 1# - LANGUAGE CODE
Language code of text/sound track or separate title slo
Language code of original eng
044 ## - COUNTRY OF PUBLISHING/PRODUCING ENTITY CODE
MARC country code xo
ISO country code SK
072 #7 - SUBJECT CATEGORY CODE
Subject category code 821.111(73)-3
Subject category code subdivision Americká próza
Source konspekt
080 ## - UNIVERSAL DECIMAL CLASSIFICATION NUMBER
Universal Decimal Classification number 821.111(73)-31
Edition identifier 2011
080 ## - UNIVERSAL DECIMAL CLASSIFICATION NUMBER
Universal Decimal Classification number 82-311.4
Edition identifier 2011
080 ## - UNIVERSAL DECIMAL CLASSIFICATION NUMBER
Universal Decimal Classification number 821-311.1
Edition identifier 2011
080 ## - UNIVERSAL DECIMAL CLASSIFICATION NUMBER
Universal Decimal Classification number 82-31
Edition identifier 2011
080 ## - UNIVERSAL DECIMAL CLASSIFICATION NUMBER
Universal Decimal Classification number (0:82-312.5)
Edition identifier 2011
100 1# - MAIN ENTRY--PERSONAL NAME
Personal name Susann, Jacqueline,
Dates associated with a name 1918-1974
Relationship aut
240 10 - UNIFORM TITLE
Uniform title Once is not enough
Language of a work Slovensky
245 10 - TITLE STATEMENT
Title Raz nestačí
Statement of responsibility, etc. Jacqueline Susannová ; z anglického originálu Once is not enough ... preložili Milan Šebo, Katarína Zábudlá
250 ## - EDITION STATEMENT
Edition statement 1. vyd.
260 ## - PUBLICATION, DISTRIBUTION, ETC.
Place of publication, distribution, etc. Bratislava
Name of publisher, distributor, etc. Slovenský spisovateľ
Date of publication, distribution, etc. 1992
300 ## - PHYSICAL DESCRIPTION
Extent 328 strán
Other physical details ilustrácie
Dimensions 21 cm
490 1# - SERIES STATEMENT
Series statement Spoločnosť priateľov krásnych kníh
Volume/sequential designation zv. 542
500 ## - GENERAL NOTE
General note Poznámky pod čiarou
655 #7 - INDEX TERM--GENRE/FORM
Genre/form data or focus term americké romány
Source of term SNKPH
655 #7 - INDEX TERM--GENRE/FORM
Genre/form data or focus term spoločenské romány
Source of term SNKPH
700 1# - ADDED ENTRY--PERSONAL NAME
Personal name Šebo, Milan,
Dates associated with a name 1954-
Relationship trl
700 1# - ADDED ENTRY--PERSONAL NAME
Personal name Zábudlá, Katarína
Relationship trl
700 1# - ADDED ENTRY--PERSONAL NAME
Personal name Grečner, Dušan,
Dates associated with a name 1944-2015
Relationship ill
830 #0 - SERIES ADDED ENTRY--UNIFORM TITLE
Uniform title Spoločnosť priateľov krásnych kníh
910 ## - USER-OPTION DATA (OCLC)
User-option data snk
942 ## - ADDED ENTRY ELEMENTS (KOHA)
Source of classification or shelving scheme Dewey Decimal Classification
Koha item type Krásna literatúra pre dospelých
Suppress in OPAC No
949 ## - LOCAL PROCESSING INFORMATION (OCLC)
6 17A0252440
9 P60, <05>, [BOOK], {605}
a snkSC 81826 D1
949 ## - LOCAL PROCESSING INFORMATION (OCLC)
6 3869A10729
a bpksh821.111(73)-3
b bpksh66425
949 ## - LOCAL PROCESSING INFORMATION (OCLC)
6 270001000049141
a svkbbA 80212
b svkbbm 569927
p 569.927
949 ## - LOCAL PROCESSING INFORMATION (OCLC)
6 17A0994122
a snkSC 81826
b snkKSP 4626/92
s 6100:20221121
949 ## - LOCAL PROCESSING INFORMATION (OCLC)
6 273K0190556
a svkpoA 154655
b svkpo381237
o PV 2218/92
Holdings
Stav vyradenia Strata Poškodenie Spôsob nadobudnutia Domovská knižnica Aktuálna knižnica Dátum nadobudnutia Total checkouts Čiarový kód exemplára Date last seen Typ exemplára
      Dar Obecná knižnica Turčianska Štiavnička Obecná knižnica Turčianska Štiavnička 23.03.2026   4738000662 23.03.2026 Krásna literatúra pre dospelých
Projekt je podporený Slovenskou asociáciou knižníc
Prevádzkuje Turčianska knižnica Martin 2026